000 00265nam a2200121Ia 4500
008 190216s9999||||xx |||||||||||||| ||und||
100 _aNarayanamurti M
245 0 _aDynamics
260 _bViswanathan S.
_c1976
300 _a239
650 _aPhysics
942 _cBK
999 _c32817
_d32817